Maritime fraud and piracy / (Record no. 614015)
[ view plain ]
| 000 -LEADER | |
|---|---|
| fixed length control field | 01338cam a2200373 a 4500 |
| 001 - CONTROL NUMBER | |
| control field | 16725592 |
| 005 - DATE AND TIME OF LATEST TRANSACTION | |
| control field | 20250629131724.0 |
| 008 - FIXED-LENGTH DATA ELEMENTS--GENERAL INFORMATION | |
| fixed length control field | 110407s2010 enk b 001 0 eng d |
| 010 ## - LIBRARY OF CONGRESS CONTROL NUMBER | |
| LC control number | 2011288715 |
| 020 ## - INTERNATIONAL STANDARD BOOK NUMBER | |
| International Standard Book Number | 9781843118848 (hbk.) |
| 020 ## - INTERNATIONAL STANDARD BOOK NUMBER | |
| International Standard Book Number | 184311884X (hbk.) |
| 035 ## - SYSTEM CONTROL NUMBER | |
| System control number | (OCoLC)ocn690784012 |
| 040 ## - CATALOGING SOURCE | |
| Original cataloging agency | SISPL |
| Transcribing agency | SISPL |
| Modifying agency | SISPL |
| -- | JCR |
| -- | GUL |
| -- | DLC |
| 042 ## - AUTHENTICATION CODE | |
| Authentication code | lccopycat |
| 050 00 - LIBRARY OF CONGRESS CALL NUMBER | |
| Classification number | K5277 |
| Item number | .T63 2010 |
| 082 00 - DEWEY DECIMAL CLASSIFICATION NUMBER | |
| Classification number | 345.0264 |
| Author Mark | TOD |
| 100 1# - MAIN ENTRY--PERSONAL NAME | |
| Personal name | Todd, Paul, |
| Dates associated with a name | 1954- |
| 245 10 - TITLE STATEMENT | |
| Title | Maritime fraud and piracy / |
| Statement of responsibility, etc. | by Paul Todd. |
| 250 ## - EDITION STATEMENT | |
| Edition statement | 2nd ed. |
| 260 ## - PUBLICATION, DISTRIBUTION, ETC. | |
| Place of publication, distribution, etc. | London : |
| Name of publisher, distributor, etc. | Lloyd's List, |
| Date of publication, distribution, etc. | 2010. |
| 300 ## - PHYSICAL DESCRIPTION | |
| Extent | xxxiv, 329 p. ; |
| Dimensions | 25 cm. |
| 504 ## - BIBLIOGRAPHY, ETC. NOTE | |
| Bibliography, etc. note | Includes bibliographical references and index. |
| 650 #0 - SUBJECT ADDED ENTRY--TOPICAL TERM | |
| Topical term or geographic name entry element | Maritime terrorism |
| General subdivision | Law and legislation. |
| 9 (RLIN) | 129307 |
| 650 #0 - SUBJECT ADDED ENTRY--TOPICAL TERM | |
| Topical term or geographic name entry element | Piracy |
| General subdivision | Law and legislation. |
| 9 (RLIN) | 129308 |
| 650 #0 - SUBJECT ADDED ENTRY--TOPICAL TERM | |
| Topical term or geographic name entry element | Fraud |
| General subdivision | Law and legislation. |
| 9 (RLIN) | 129309 |
| 650 #0 - SUBJECT ADDED ENTRY--TOPICAL TERM | |
| Topical term or geographic name entry element | Hijacking of ships |
| General subdivision | Law and legislation. |
| 9 (RLIN) | 129310 |
| 650 #0 - SUBJECT ADDED ENTRY--TOPICAL TERM | |
| Topical term or geographic name entry element | Freight and freightage. |
| 9 (RLIN) | 38468 |
| 650 #0 - SUBJECT ADDED ENTRY--TOPICAL TERM | |
| Topical term or geographic name entry element | Marine insurance |
| General subdivision | Law and legislation. |
| 9 (RLIN) | 129311 |
| 650 #0 - SUBJECT ADDED ENTRY--TOPICAL TERM | |
| Topical term or geographic name entry element | Contracts, Maritime. |
| 9 (RLIN) | 129312 |
| 856 41 - ELECTRONIC LOCATION AND ACCESS | |
| Materials specified | Table of contents only |
| Uniform Resource Identifier | <a href="http://www.loc.gov/catdir/toc/fy11pdf02/2011288715.html">http://www.loc.gov/catdir/toc/fy11pdf02/2011288715.html</a> |
| 906 ## - LOCAL DATA ELEMENT F, LDF (RLIN) | |
| a | 7 |
| b | cbc |
| c | copycat |
| d | 2 |
| e | ncip |
| f | 20 |
| g | y-gencatlg |
| 942 ## - ADDED ENTRY ELEMENTS (KOHA) | |
| Source of classification or shelving scheme | |
| Koha item type | Book |
| Withdrawn status | Lost status | Source of classification or shelving scheme | Damaged status | Not for loan | Permanent Location | Current Location | Date acquired | Total Checkouts | Full call number | Barcode | Date last seen | Date last checked out | Price effective from | Koha item type |
|---|---|---|---|---|---|---|---|---|---|---|---|---|---|---|
| NUST Law School (NLS) | NUST Law School (NLS) | 06/29/2025 | 1 | 345.0264 TOD | NLS-3086 | 09/30/2025 | 09/30/2025 | 06/29/2025 | Book |
